Gabriela - KATSEYE Lyrics - Statistics

General Stats
  • This quiz has been taken 258 times
    104 since last reset
  • The average score is 200 of 289
Answer Stats
Answer % Correct
a
96%
y
90%
You
90%
you
90%
to
89%
bullet
88%
Gabriela
88%
I
88%
like
88%
Like
88%
Hands
85%
Hot
85%
it
85%
of
85%
the
85%
The
85%
could
83%
fast
83%
off
82%
too
82%
catch
79%
in
79%
my
79%
couldn't
78%
fella
78%
Flying
76%
se
76%
Él
75%
have
75%
casket
74%
knew
74%
and
72%
anyone
72%
see
72%
always
71%
Back
71%
Got
71%
got
71%
I'm
71%
ooh
71%
attraction
69%
begging
69%
main
68%
wanted
68%
else
67%
eyes
67%
67%
cameras
65%
flashing
65%
undressing
65%
va
64%
Heart
63%
Me
63%
me
63%
role
63%
everybody's
60%
lover
60%
no
60%
No
60%
starring
60%
middle
57%
Under
57%
'Cause
54%
do?
54%
Gabriela-la-la
54%
make
54%
covers
53%
just
53%
Overprotective
53%
But
51%
come
51%
true
51%
conmigo
50%
If
50%
summer
50%
What
50%
wonder
50%
Yeah
50%
all
49%
taste
49%
bet
47%
made
47%
would
47%
Skin
46%
Sus
46%
cambiar
43%
fantasies
43%
ojos
43%
son
42%
these
40%
amaretto
39%
la-la-la-la
39%
La-la-la-la
39%
llegó
39%
mío'
33%
demás
29%
quiere
29%
las
28%
importan
26%
eso
24%
No matching quizzes found
Score Distribution
Percent of People with Each Score
Percentile by Number Answered
Your Score History
You have not taken this quiz since the last reset